01231nam a2200205 a 450000100100000000500170001000800410002702000310006804000250009908200220012410000310014624501460017725000110032326000430033430000350037750400730041250504650048565000350095070000400098500001668020200929164939.0100309s1999 es ac 001 0 spa d a8432026700 (Obra completa) aDO-SdBNPbspacBNPHU aR809bR594h, 19991 aRiquer, Martín ded1914-10aHistoria de la literatura universal: / :bcon textos antológicos y resúmenes argumentales /cMartín de Riquer, José María Valverde. a6a ed. aBarcelona, España :bPlaneta,c1999. a10 v. :bil., retrs. ;c28 cm. aIncluye referencias bibliográficas y notas al pie de las páginas2 av.1. La literatura antigua en griego y en latín -- v.2. Literaturas medievales de transmisión oral -- v.3. Literaturas medievales de transmisión escrita --v. 4. El renacimiento desde sus preliminares -- v.5. Reforma contrarreforma y barroco -- v.6. Edad de la Razón y prerromanticismo -- v.7. Romanticismo y realismo --v. 8 La entrada en el Siglo XX -- v. 9. De las vanguardias a nuestros días (I) -- v. 10. De las vanguardias a nuestros días (II). 4aLiteraturaxHistoria crítica1 aValverde, José Maríad1926-1996